| 000 | 00535nam a2200181Ia 4500 | ||
|---|---|---|---|
| 001 | 4148 | ||
| 005 | 20260306145734.0 | ||
| 008 | 260306t1997||||xx |||||||||||||| ||spa|| | ||
| 041 | _aESP | ||
| 082 |
_a306.890983 _bS55 |
||
| 100 |
_aSilva Bascuñán, Alejandro _eAUT |
||
| 245 | 0 |
_aControversia sobre familia y divorcio: _bcinco estudios de las recientes iniciativas legales sobre matrimonio, familia y divorcio |
|
| 260 | _c1997 | ||
| 300 |
_a205 páginas : _c23 cm. |
||
| 650 | _aGEN | ||
| 654 | _aCED | ||
| 942 |
_cLIB _dJUS _fJUS _2ddc _n |
||
| 999 |
_c4148 _d4148 |
||